Sports en image par lettre - F / G - Statistiques

Statistiques générales
  • Ce quiz a été pris 92 fois
  • Le résultat moyen est 7 sur 12
Statistiques - réponses
Par images Réponse % Correct
Football
96%
Formule 1
95%
Golf
95%
Fléchettes
91%
Football américain
90%
Gymnastique
90%
Flamenco
77%
Fitball
49%
Footpool
7%
Goalball
6%
Gouren
1%
Fierljeppen
0%
Aucun quiz correspondant
Distribution des résultats
% des personnes avec chaque résultat
Percentile par nombre de réponses
Votre historique - résultats
Vous n’avez pas pris ce quiz